Slabá ochrana osobných údajov môže firmy pochovať

Nová legislatíva o ochrane osobných údajov. Sprísnený režim narábania s osobnými údajmi. Dôraz na bezpečnostné opatrenia. Súhlas zákazníka s profilovaním. Minimalizácia údajov. Preventívna funkcia pokút.

Guardado en:
Detalles Bibliográficos
Autor principal: Nejedlý, Tomáš
Formato: Capítulo de libro
Lenguaje:eslovaco
Materias:
Etiquetas: Agregar Etiqueta
Sin Etiquetas, Sea el primero en etiquetar este registro!

MARC

LEADER 00000naa a2200000 4500
001 0235236
005 20170830111023.6
041 0 |a slo 
044 |a SK 
245 1 0 |a Slabá ochrana osobných údajov môže firmy pochovať  |c Tomáš Nejedlý 
520 |a Nová legislatíva o ochrane osobných údajov. Sprísnený režim narábania s osobnými údajmi. Dôraz na bezpečnostné opatrenia. Súhlas zákazníka s profilovaním. Minimalizácia údajov. Preventívna funkcia pokút. 
610 2 0 |a ochrana údajov osobných 
610 2 0 |a legislatíva 
610 2 0 |a bezpečnosť 
610 2 0 |a firmy 
610 2 0 |a zamestnávatelia 
610 2 0 |a zamestnanci 
610 2 0 |a pokuty 
610 2 0 |a Európska únia 
610 2 0 |a Slovensko 
100 1 |a Nejedlý, Tomáš